00836nam a2200193 a 450000100100000000500170001000800410002702000150006804000250008308200150010810000390012324500990016226000620026130000290032370000410035295201130039395201190050699900170062500004439720201002045338.0140627s1995 dr a 000 0 spa d z8489531057 aDO-SdBNPbspacBNPHU axxxxbxxxx1 aCárdenes, Carol Rosalía97240710aBajo un mismo sol /cCarol Rosalía Cardenes Rubiera ; ilustraciones Kendy Yanoreh Calcaño. aSanto Domingo :bEdiciones Infantiles Dominicanas,c1995. a[18] p. :bil. ;c25 cm.12aCalcaño, Kendy Yanoreheil.972408 0010718PDaPDbPDcHDd2014-06-27iLF1l0oxxxx xxxxp44397-10r2020-06-25w2020-06-25yLFPDZNo se presta 0010718PDaPDbPDcHDd2014-06-27iLF1l0oxxxx xxxxp44397-20r2020-06-25te. 2w2020-06-25yLFPDZNo se presta c43886d43886